000 00528 a2200181 4500
003 OSt
005 20231215141158.0
008 231215b |||||||| |||| 00| 0 eng d
020 _a9788126429028
040 _coclc
082 _a894.8124
_bGOV/P
100 _aGovindan, M
_97456
245 _aPuthiya Manushyan Puthiya Lokam Vol-1& Vol-2 /
_cM. Govindan
250 _a3rd ed.
260 _aKottayam:
_bD C Books,
_c2022.
300 _a2v., 1282p.
942 _2ddc
_cBK
_h894.8124
_iGOV/P
_k894.8124
_mGOV/P
999 _c44152
_d44152